[Event "Detroit (MCO/4/9)"]
[Site "?"]
[Date "1990.??.??"]
[Round "?"]
[White "Minskey, Charles"]
[Black "Collins, Charles"]
[Result "1-0"]
[WhiteElo "1945"]
[BlackElo "1810"]
[PlyCount "55"]
[EventDate "1990.??.??"]

{4/(9)} 1. d4 Nf6 2. Nf3 d6 3. Nc3 g6 4. h3 Bg7 5. e4 O-O 6. Be3 c6 7. Bd3 Na6
8. a3 b5 9. O-O b4 10. axb4 Nxb4 11. Bc4 d5 12. exd5 Nfxd5 13. Nxd5 Nxd5 14.
Bg5 h6 15. Bh4 g5 16. Bg3 f5 17. Be5 g4 18. Bxg7 Kxg7 19. hxg4 fxg4 20. Ne5 h5
21. Qd2 e6 22. Ra3 Nf4 23. Qe3 Qg5 24. Rfa1 a5 25. Rxa5 h4 26. Rxa8 Nh3+ 27.
gxh3 gxh3+ 28. Qxg5+ 1-0

[Event "Detroit (MCO/2/25)"]
[Site "?"]
[Date "1990.??.??"]
[Round "?"]
[White "Mims, D."]
[Black "Mohammed, A."]
[Result "0-1"]
[WhiteElo "1605"]
[BlackElo "1635"]
[PlyCount "46"]
[EventDate "1990.??.??"]

{2/(25)} 1. e4 c6 2. Nf3 d5 3. Ne5 Qd6 4. d4 Nd7 5. Bf4 Qb4+ 6. c3 Qxb2 7. Nd2
Qxc3 8. Rc1 Qxd4 9. Qg4 Nxe5 10. Bxe5 Qxe5 11. Nf3 Qxe4+ 12. Be2 Qxg4 13. Ne5
Qxg2 14. Rf1 Bh3 15. Kd2 e6 16. Bf3 Qg5+ 17. Kc2 Qxe5 18. Rce1 Qf5+ 19. Kd2
Bb4+ 20. Ke2 Qc2+ 21. Ke3 Bd2+ 22. Ke2 Bf5 23. Rg1 Bd3# 0-1

[Event "Lansing (MI Am/3/34)"]
[Site "?"]
[Date "1990.??.??"]
[Round "?"]
[White "Miller, John"]
[Black "Solski, Jeff"]
[Result "1-0"]
[WhiteElo "1605"]
[BlackElo "1605"]
[PlyCount "53"]
[EventDate "1990.??.??"]

{3/(34)} 1. d4 Nf6 2. Nf3 d6 3. c4 g6 4. Nc3 Bg7 5. Bg5 c6 6. e3 Qa5 7. Bxf6
Bxf6 8. Bd3 a6 9. a4 h5 10. Qc2 b5 11. cxb5 axb5 12. O-O b4 13. Ne4 Ba6 14.
Nxf6+ exf6 15. Rfc1 Bxd3 16. Qxd3 h4 17. Qe4+ Kf8 18. Qf4 Qd8 19. h3 Kg7 20. e4
Qd7 21. e5 fxe5 22. dxe5 c5 23. Qf6+ Kg8 24. exd6 Rxa4 25. Ne5 Qa7 26. d7 Nxd7
27. Qxf7# 1-0

[Event "Lansing (MI Am/5/29)"]
[Site "?"]
[Date "1990.??.??"]
[Round "?"]
[White "Miller, John"]
[Black "Randall, Paul"]
[Result "1/2-1/2"]
[WhiteElo "1605"]
[BlackElo "1605"]
[PlyCount "59"]
[EventDate "1990.??.??"]

{5/(29)} 1. d4 Nf6 2. Nf3 g6 3. c4 Bg7 4. Nc3 O-O 5. Bg5 d6 6. h3 Nbd7 7. Qd2
Re8 8. Rd1 b6 9. e3 Bb7 10. d5 h6 11. Bxf6 Bxf6 12. a3 Kh8 13. Bd3 e6 14. O-O
e5 15. b4 c5 16. Nb5 Be7 17. bxc5 Nxc5 18. Nc3 Rg8 19. Ne2 h5 20. Bc2 g5 21. g3
Bc8 22. Kg2 g4 23. hxg4 Bxg4 24. Rh1 Bg5 25. Qc3 Qf6 26. Rde1 Rg6 27. Nxg5 Qxg5
28. f3 Bd7 29. Rxh5+ Qxh5 30. Rh1 1/2-1/2

[Event "Lansing (MI Am/1/2)"]
[Site "?"]
[Date "1990.??.??"]
[Round "?"]
[White "Miller, John"]
[Black "Golonka, Stan"]
[Result "0-1"]
[WhiteElo "1605"]
[BlackElo "1975"]
[PlyCount "120"]
[EventDate "1990.??.??"]

{1/(2)} 1. d4 Nf6 2. Nf3 e6 3. c4 c5 4. Nc3 cxd4 5. Nxd4 Nc6 6. Bg5 a6 7. a3
Qb6 8. Bxf6 gxf6 9. Nxc6 bxc6 10. Na4 Qc7 11. c5 Rb8 12. Qd2 Qe5 13. Rc1 f5 14.
Qc3 Qxc3+ 15. Rxc3 Bg7 16. Rc2 Rg8 17. e3 Be5 18. g3 Bc7 19. Rc4 a5 20. Rh4 Rh8
21. Bc4 Bd8 22. Rd4 Rg8 23. Ke2 Bf6 24. Rd2 Rg4 25. b3 Bd8 26. Rhd1 h5 27. h3
Rg7 28. h4 Bc7 29. Nb2 Ra8 30. a4 f6 31. Nd3 Ba6 32. Bxa6 Rxa6 33. Nf4 Bxf4 34.
exf4 Ra7 35. Rd6 Rb7 36. R1d3 Rb4 37. Kd2 Re7 38. Re3 Kd8 39. Kc3 Kc7 40. Red3
Re4 41. Re3 Rb4 42. Red3 Kc8 43. R3d4 Rxd4 44. Kxd4 e5+ 45. fxe5 fxe5+ 46. Ke3
Re6 47. Rd3 Rg6 48. Rc3 Rg4 49. Ke2 Kd8 50. Rf3 f4 51. gxf4 e4 52. Rh3 Rxf4 53.
Ke3 Rg4 54. f4 exf3 55. Kxf3 Ke7 56. Kf2 Ke6 57. Re3+ Kd5 58. Rd3+ Rd4 59. Rc3
Rxh4 60. Kg3 Rb4 0-1

[Event "Detroit (MOR/6/44)"]
[Site "?"]
[Date "1990.??.??"]
[Round "?"]
[White "Miller, Dan"]
[Black "Workman, K."]
[Result "1-0"]
[WhiteElo "1605"]
[BlackElo "1605"]
[PlyCount "99"]
[EventDate "1990.??.??"]

{6/(44)} 1. d4 e6 2. Bf4 d5 3. e3 Nf6 4. Nc3 a6 5. Be2 b5 6. a3 h6 7. Nf3 Nbd7
8. Ne5 Nxe5 9. Bxe5 Bd6 10. Bxd6 Qxd6 11. h3 Bb7 12. b4 O-O 13. O-O c6 14. Na2
Kh8 15. Nc1 Ne4 16. Nd3 Nc3 17. Qd2 Nxe2+ 18. Qxe2 f6 19. Nc5 Bc8 20. c3 a5 21.
Qd2 e5 22. f3 Rf7 23. bxa5 Rxa5 24. c4 Rfa7 25. cxb5 cxb5 26. Qc3 Qb6 27. Nb3
Ba6 28. Qxa5 Qxa5 29. Nxa5 Rc7 30. Rfc1 Rf7 31. dxe5 fxe5 32. Rc6 Bb7 33. Nxb7
Rxb7 34. Rc8+ Kh7 35. Rd8 e4 36. Rxd5 exf3 37. gxf3 b4 38. a4 Rc7 39. Rb5 Rc3
40. Kf2 b3 41. Rb1 Rc2+ 42. Kg3 Rc4 43. a5 Rc2 44. R5xb3 g5 45. h4 Kg6 46. Rb5
gxh4+ 47. Kxh4 Rg2 48. a6 Rg5 49. Rxg5+ hxg5+ 50. Kg3 1-0

[Event "Detroit (MCO/2/28)"]
[Site "?"]
[Date "1990.??.??"]
[Round "?"]
[White "Miller, Dan"]
[Black "Wilson, L."]
[Result "1-0"]
[WhiteElo "1605"]
[BlackElo "1605"]
[PlyCount "81"]
[EventDate "1990.??.??"]

{2/(28)} 1. d4 g6 2. Nf3 d6 3. Bf4 Bh6 4. Bxh6 Nxh6 5. g3 O-O 6. Bg2 c6 7. c4
Bf5 8. Nc3 f6 9. e4 Bg4 10. O-O Nd7 11. Qd2 Kg7 12. h3 Be6 13. d5 cxd5 14. exd5
Bf7 15. Rfe1 Nc5 16. Qe2 Nf5 17. g4 Nh6 18. b4 Nd7 19. Qxe7 Qxe7 20. Rxe7 Rad8
21. Nb5 Ne5 22. Nxe5 fxe5 23. Nxa7 Rfe8 24. Rxb7 Rb8 25. Rxb8 Rxb8 26. b5 Be8
27. a4 Nf7 28. a5 h5 29. b6 Ng5 30. Nc6 Rb7 31. a6 Rxb6 32. a7 Bxc6 33. dxc6 e4
34. a8=Q Nf3+ 35. Bxf3 exf3 36. g5 Kf7 37. Ra7+ Ke6 38. Qe8+ Kf5 39. Qe3 Rb1+
40. Kh2 Rb2 41. Rf7# 1-0

[Event "Flint (Class C/1)"]
[Site "?"]
[Date "1990.??.??"]
[Round "?"]
[White "Miller, Dan"]
[Black "Sivak, D."]
[Result "0-1"]
[WhiteElo "1605"]
[BlackElo "1605"]
[PlyCount "66"]
[EventDate "1990.??.??"]

1. d4 Nf6 2. e3 d5 3. c4 e6 4. Nc3 Bb4 5. Bd2 O-O 6. a3 Bxc3 7. Bxc3 b6 8. Nf3
Bb7 9. b4 Nbd7 10. c5 Ne4 11. Qc2 f5 12. Bd3 Ndf6 13. O-O Qe8 14. Be2 Ng4 15.
Ne5 Nxe5 16. dxe5 g5 17. f4 g4 18. Be1 Qh5 19. c6 Bc8 20. h3 Qg6 21. hxg4 fxg4
22. Qd1 h5 23. Bd3 g3 24. Bxe4 dxe4 25. Qe2 Rf7 26. Ra2 Rh7 27. Bc3 h4 28. Qd2
Ba6 29. Rb1 Bd3 30. Rbb2 Qg4 31. Bd4 h3 32. gxh3 Rxh3 33. Qg2 Qd1+ 0-1

[Event "Detroit (RVO/2)"]
[Site "?"]
[Date "1990.??.??"]
[Round "?"]
[White "Miller, Dan"]
[Black "Sheaf, M."]
[Result "0-1"]
[WhiteElo "1605"]
[BlackElo "2130"]
[PlyCount "64"]
[EventDate "1990.??.??"]

1. d4 Nf6 2. Nf3 g6 3. Bg5 Bg7 4. e4 Nxe4 5. Bd3 Nxg5 6. Nxg5 O-O 7. c3 e5 8.
dxe5 Qxg5 9. O-O Bxe5 10. Qf3 Qf4 11. Qxf4 Bxf4 12. Re1 Nc6 13. Re4 Be5 14. Nd2
d5 15. Re2 Be6 16. h3 Rad8 17. Nf3 Bg7 18. Rd1 d4 19. cxd4 Nxd4 20. Nxd4 Rxd4
21. b3 Bf5 22. Re3 Rfd8 23. Re7 Rxd3 24. Rxd3 Rxd3 25. Re8+ Bf8 26. Re2 Bd6 27.
g3 Bd7 28. Kf1 Rd1+ 29. Re1 Bb5+ 30. Kg1 Rxe1+ 31. Kg2 Bc6+ 32. Kh2 Rh1# 0-1

[Event "Flint (Class C/4)"]
[Site "?"]
[Date "1990.??.??"]
[Round "?"]
[White "Miller, Dan"]
[Black "Serwatowski, Felix"]
[Result "1-0"]
[WhiteElo "1605"]
[BlackElo "1605"]
[PlyCount "69"]
[EventDate "1990.??.??"]

1. d4 d5 2. e3 Nf6 3. c4 e6 4. Nc3 c6 5. Nf3 Bb4 6. Qb3 Be7 7. Bd2 O-O 8. cxd5
exd5 9. Bd3 Bg4 10. Qxb7 Nbd7 11. Be2 c5 12. b3 Bxf3 13. Bxf3 Nb6 14. dxc5 Bxc5
15. O-O d4 16. exd4 Qxd4 17. Rad1 Qh4 18. Be1 Ng4 19. Bxg4 Qxg4 20. Qc7 Rfc8
21. Qg3 Qe6 22. Nb5 Qe7 23. Bc3 f6 24. Rfe1 Qf8 25. Bd4 Bxd4 26. Rxd4 Rd8 27.
Rxd8 Rxd8 28. Nxa7 Ra8 29. Qc7 Nd5 30. Qc4 Qf7 31. a4 Rxa7 32. Qc8+ Qf8 33. Re8
Rf7 34. Rxf8+ Rxf8 35. Qe6+ 1-0

[Event "Detroit (MOR/4/36)"]
[Site "?"]
[Date "1990.??.??"]
[Round "?"]
[White "Miller, Dan"]
[Black "Neely, Richard"]
[Result "1/2-1/2"]
[WhiteElo "1605"]
[BlackElo "1605"]
[PlyCount "95"]
[EventDate "1990.??.??"]

{4/(36)} 1. d4 Nc6 2. Nf3 d5 3. Bf4 Bg4 4. e3 Nf6 5. Be2 e6 6. Nc3 Bb4 7. O-O
O-O 8. Ne5 Bxe2 9. Qxe2 Bxc3 10. bxc3 Ne4 11. c4 Ne7 12. c5 Nf5 13. c4 Qh4 14.
cxd5 exd5 15. Qg4 Qxg4 16. Nxg4 c6 17. Ne5 g5 18. Bg3 h5 19. Nf3 Nexg3 20. hxg3
f6 21. Rfb1 Rab8 22. Rb2 b6 23. Rab1 b5 24. a4 a6 25. Nd2 Rf7 26. axb5 axb5 27.
Nb3 Ra7 28. Kh2 Kf7 29. Ra1 Ra4 30. Rba2 Rba8 31. Rxa4 Rxa4 32. Kg1 Ke7 33. Kf1
Kd7 34. Ke1 g4 35. Ke2 Rxa1 36. Nxa1 h4 37. gxh4 Nxh4 38. g3 Nf5 39. Nc2 Ne7
40. Nb4 Ke6 41. Nd3 Kf5 42. f3 gxf3+ 43. Kxf3 Kg5 44. Nb4 f5 45. Nd3 Nc8 46.
Nb4 Ne7 47. Nd3 Ng6 48. Nb4 1/2-1/2

[Event "Detroit (MOR/3/27)"]
[Site "?"]
[Date "1990.??.??"]
[Round "?"]
[White "Miller, Dan"]
[Black "Jointer, William"]
[Result "1/2-1/2"]
[WhiteElo "1605"]
[BlackElo "1735"]
[PlyCount "44"]
[EventDate "1990.??.??"]

{3/(27)} 1. d4 Nf6 2. Nf3 b6 3. Bf4 Bb7 4. Nbd2 e6 5. e3 Be7 6. Be2 O-O 7. O-O
d6 8. c4 c5 9. Qc2 Nh5 10. Bg3 Nd7 11. b3 Rc8 12. Bd3 h6 13. Be4 d5 14. Bh7+
Kh8 15. Rac1 f5 16. Bg6 Nhf6 17. Qd3 Ne4 18. Ne5 Nxe5 19. Bxe5 {[Remainder
illegible; 1/2-1/2, 49?]} dxc4 20. Rxc4 Bh4 21. Rc2 Qg5 22. Nf3 Bxf2+ 1/2-1/2

[Event "Detroit (RVO/4)"]
[Site "?"]
[Date "1990.??.??"]
[Round "?"]
[White "Miller, Dan"]
[Black "Given, R."]
[Result "1-0"]
[WhiteElo "1605"]
[BlackElo "1605"]
[PlyCount "103"]
[EventDate "1990.??.??"]

1. d4 d5 2. e3 Bf5 3. c4 c6 4. Nc3 dxc4 5. Bxc4 b5 6. Bxb5 cxb5 7. Qf3 Nd7 8.
Qxf5 a6 9. Nf3 e6 10. Qd3 Ngf6 11. O-O Be7 12. a3 O-O 13. Bd2 Nb6 14. Ne5 Rc8
15. Nf3 h6 16. Rac1 Nbd5 17. Nxd5 Qxd5 18. b4 Ne4 19. Rc2 Rxc2 20. Qxc2 Nxd2
21. Nxd2 f5 22. Qc7 Rf7 23. Qc8+ Kh7 24. Qxa6 Bd8 25. Qc8 Rc7 26. Qa6 Qc6 27.
Qxc6 Rxc6 28. Ra1 Be7 29. Nb3 Rc3 30. Nc5 Bxc5 31. dxc5 Kg8 32. g3 Kf7 33. Ra2
Ke7 34. a4 bxa4 35. Rxa4 Rb3 36. Kg2 Kd7 37. Ra7+ Kc6 38. Rxg7 Rxb4 39. Rg6
Kxc5 40. Rxe6 Kd5 41. Rxh6 Rb5 42. Kf3 Ke5 43. Rh5 Kf6 44. Kg2 Kg6 45. g4 Rb4
46. Rh4 fxg4 47. Kg3 Kg5 48. f4+ Kf5 49. Rxg4 Rb3 50. Kf3 Rb1 51. Rg5+ Kf6 52.
h4 1-0

[Event "Flint (Class C/3)"]
[Site "?"]
[Date "1990.??.??"]
[Round "?"]
[White "Miller, Dan"]
[Black "Dakins, J."]
[Result "1-0"]
[WhiteElo "1605"]
[BlackElo "1605"]
[PlyCount "121"]
[EventDate "1990.??.??"]

1. d4 Nf6 2. e3 g6 3. Nf3 Bg7 4. Bd3 d6 5. Nc3 b6 6. Ne4 Nbd7 7. c3 Bb7 8. Nfg5
h6 9. Nxf6+ Nxf6 10. Nf3 Rb8 11. Qa4+ Nd7 12. Qxa7 Bxf3 13. gxf3 O-O 14. Qa3
Nf6 15. Qb3 Qd7 16. Bxg6 Qh3 17. Be4 Nxe4 18. fxe4 Qf3 19. Rg1 Qxe4 20. Bd2 c5
21. Qd1 Kh7 22. Qg4 Qg6 23. O-O-O Qxg4 24. Rxg4 Rg8 25. Rdg1 f5 26. Rg6 h5 27.
R1g5 Bh6 28. Rxg8 Rxg8 29. Rxg8 Kxg8 30. dxc5 dxc5 31. f4 Kf7 32. Kc2 Ke6 33.
Kd3 b5 34. c4 b4 35. a3 bxa3 36. bxa3 Kd6 37. a4 Kc6 38. Ke2 h4 39. Be1 h3 40.
Bd2 Bg7 41. Kf3 e5 42. Kg3 exf4+ 43. exf4 Bf6 44. Kxh3 Kd6 45. Kg3 Ke6 46. h4
Kf7 47. Be3 Be7 48. a5 Bd8 49. a6 Bb6 50. Bd2 Ba7 51. h5 Kg7 52. Bc3+ Kh6 53.
Kh4 Bb6 54. Bf6 Ba7 55. Bg5+ Kh7 56. h6 Bb6 57. Kh5 Ba7 58. Bf6 Bb6 59. Kg5 Ba7
60. Bg7 Kg8 61. Kg6 1-0

[Event "Detroit (MCO/4/22)"]
[Site "?"]
[Date "1990.??.??"]
[Round "?"]
[White "Miller, Dan"]
[Black "Chaney, M."]
[Result "1-0"]
[WhiteElo "1605"]
[BlackElo "1605"]
[PlyCount "81"]
[EventDate "1990.??.??"]

{4/(22)} 1. d4 d5 2. Bf4 Nc6 3. e3 Nf6 4. c4 e6 5. Bd3 Bb4+ 6. Nc3 O-O 7. a3
Ba5 8. b4 dxc4 9. Bxc4 Bb6 10. Nf3 a6 11. O-O Ne7 12. Bd3 Bd7 13. Be5 Nc6 14.
Ng5 g6 15. Qf3 Kg7 16. Bxf6+ Qxf6 17. Qxf6+ Kxf6 18. Nxh7+ Kg7 19. Nxf8 Rxf8
20. Be4 f5 21. Bf3 Ne7 22. Bxb7 Bb5 23. Nxb5 axb5 24. Rac1 Rh8 25. Rc3 Kf6 26.
Ba6 c6 27. Bb7 Bc7 28. h3 g5 29. g3 Ng6 30. Kg2 g4 31. hxg4 fxg4 32. Rh1 e5 33.
Rxc6+ Kf5 34. Rxh8 Nxh8 35. Rxc7 e4 36. Ba6 Ng6 37. Bxb5 Ke6 38. a4 Kd6 39.
Rc6+ Kd7 40. Rxg6+ Kc7 41. Rxg4 1-0

[Event "Detroit (MOR/2/56)"]
[Site "?"]
[Date "1990.??.??"]
[Round "?"]
[White "Mikus, R."]
[Black "Yanalunas, J."]
[Result "0-1"]
[WhiteElo "1605"]
[BlackElo "1605"]
[PlyCount "68"]
[EventDate "1990.??.??"]

{2/(56)} 1. e4 c5 2. Nf3 Nc6 3. Bc4 Nf6 4. Nc3 e6 5. d3 Bd6 6. O-O O-O 7. Re1
Ng4 8. h3 Nge5 9. Be3 Nxf3+ 10. Qxf3 Qb6 11. Nb5 Be5 12. Rab1 a6 13. Nc3 Bb8
14. Ne2 Be5 15. c3 d6 16. Bg5 Re8 17. Qg4 d5 18. Bb3 d4 19. f4 Bd6 20. Bc4 Na5
21. f5 Bc7 22. Nf4 Nxc4 23. dxc4 dxc3 24. bxc3 Qa5 25. Nh5 exf5 26. exf5 Rxe1+
27. Rxe1 Bd7 28. Bh6 g6 29. Nf6+ Kh8 30. Nxd7 Qxc3 31. Rf1 Re8 32. fxg6 fxg6
33. Rf8+ Rxf8 34. Bxf8 Qe1# 0-1

[Event "Detroit (MOR/6/35)"]
[Site "?"]
[Date "1990.??.??"]
[Round "?"]
[White "Mikus, R."]
[Black "Foord, Allan"]
[Result "1/2-1/2"]
[WhiteElo "1605"]
[BlackElo "1680"]
[PlyCount "67"]
[EventDate "1990.??.??"]

{6/(35)} 1. e4 c5 2. Nf3 Nc6 3. d4 cxd4 4. Nxd4 Nf6 5. Nc3 a6 6. Be3 d6 7. Be2
e6 8. Qd2 Be7 9. a3 Qc7 10. O-O O-O 11. f4 b5 12. Nxc6 Qxc6 13. Bf3 Bb7 14.
Rad1 Rac8 15. e5 Nd5 16. Bxd5 exd5 17. exd6 Bxd6 18. Rf2 Bxa3 19. Nxd5 Qxd5 20.
Qxd5 Bxd5 21. bxa3 Be4 22. Rdd2 Rc3 23. Rfe2 Rfc8 24. Bd4 Rxc2 25. Rxc2 Bxc2
26. Bc5 Bf5 27. Re3 h6 28. Bb4 Be6 29. Kf2 Rc2+ 30. Re2 Rxe2+ 31. Kxe2 Bd5 32.
g3 f5 33. Ke3 Kf7 34. Kd4 1/2-1/2

[Event "Detroit (MOR/4/53)"]
[Site "?"]
[Date "1990.??.??"]
[Round "?"]
[White "Mikus, R."]
[Black "Ashman, Brad"]
[Result "1-0"]
[WhiteElo "1605"]
[BlackElo "1605"]
[PlyCount "103"]
[EventDate "1990.??.??"]

{4/(53)} 1. e4 e5 2. Nf3 Nf6 3. Nxe5 Qe7 4. Nf3 Nxe4 5. Be2 g6 6. d3 Nf6 7. Bf4
Nd5 8. Be5 Nf6 9. Nc3 d6 10. Bxf6 Qxf6 11. Nd5 Qd8 12. Qd2 Be6 13. Qc3 Bxd5 14.
Qxh8 f6 15. Qxh7 Bf7 16. O-O Nd7 17. Rfe1 Ne5 18. Nxe5 dxe5 19. c3 Qe7 20. d4
e4 21. Qh3 f5 22. Bb5+ c6 23. Ba4 O-O-O 24. Bc2 c5 25. Bxe4 cxd4 26. Bxf5+ Be6
27. Rxe6 Qc5 28. Re5+ gxf5 29. Rxc5+ Bxc5 30. Qxf5+ Kb8 31. Qxc5 d3 32. Rd1 d2
33. f3 b6 34. Qe3 Kb7 35. Qe7+ Kc8 36. Qxd8+ Kxd8 37. Rxd2+ Ke8 38. g4 Ke7 39.
Rd4 a5 40. Kg2 b5 41. Kg3 Ke8 42. Rd6 Ke7 43. Ra6 a4 44. Kf4 Kd7 45. Ke5 Kc7
46. Kd5 Kb7 47. Rh6 a3 48. bxa3 b4 49. axb4 Kc7 50. f4 Kd7 51. Rh7+ Ke8 52. Kd6
1-0

[Event "Detroit (MI Op/1b/16)"]
[Site "?"]
[Date "1990.??.??"]
[Round "?"]
[White "Mikus, Jim"]
[Black "Scott, Steven"]
[Result "1-0"]
[WhiteElo "1800"]
[BlackElo "1920"]
[PlyCount "100"]
[EventDate "1990.??.??"]

1. e4 e6 2. d4 d5 3. Nd2 c5 4. c3 cxd4 5. cxd4 Nc6 6. Bb5 Nge7 7. Ne2 Bd7 8.
O-O Qb6 9. Bxc6 Nxc6 10. exd5 exd5 11. Qb3 Qxb3 12. Nxb3 Bd6 13. Nc5 Nxd4 14.
Nxd4 Bxc5 15. Re1+ Kf8 16. Be3 Bd6 17. Rac1 f6 18. f4 Kf7 19. Kf2 Rhe8 20. Kf3
h5 21. h3 Re4 22. Ne2 Ree8 23. Nc3 Bc6 24. Bd4 a6 25. g4 hxg4+ 26. hxg4 Rac8
27. Rxe8 Rxe8 28. Rc2 g5 29. f5 Rh8 30. Rg2 Rh3+ 31. Ke2 Rh8 32. Kf3 Re8 33.
Rd2 Be5 34. Ne2 Bd6 35. Nc3 Bf4 36. Re2 Be5 37. Rd2 b5 38. a3 Bf4 39. Re2 Be5
40. Rd2 a5 41. Ne2 b4 42. Rc2 Bb5 43. Bxe5 fxe5 44. Rc5 e4+ 45. Ke3 d4+ 46.
Nxd4 Bd3 47. Rxa5 bxa3 48. bxa3 Rd8 49. Ra7+ Kf6 50. a4 Ke5 1-0

[Event "Detroit (MI Op/5/30)"]
[Site "?"]
[Date "1990.??.??"]
[Round "?"]
[White "Mikus, Jim"]
[Black "Owens, James"]
[Result "0-1"]
[WhiteElo "1840"]
[BlackElo "1955"]
[PlyCount "92"]
[EventDate "1990.??.??"]

{5/(30)} 1. e4 c5 2. c3 d5 3. exd5 Qxd5 4. d4 e5 5. dxe5 Qxe5+ 6. Be3 Nf6 7.
Nf3 Qc7 8. Nbd2 Nc6 9. Bd3 Bg4 10. h3 Bh5 11. Qc2 Be7 12. O-O O-O 13. Rfe1 Bg6
14. Bxg6 hxg6 15. Bg5 Rfe8 16. Qb3 Rad8 17. Bxf6 Bxf6 18. Ne4 Ne5 19. Nxf6+
gxf6 20. Nxe5 Rxe5 21. Rxe5 Qxe5 22. Rd1 Rxd1+ 23. Qxd1 b6 24. Qd2 Kg7 25. g3
Qe6 26. b3 Qxh3 27. c4 Qf5 28. Kg2 Qe4+ 29. f3 Qe5 30. g4 f5 31. gxf5 Qxf5 32.
Qb2+ Qf6 33. Qd2 Qd4 34. Qe2 Qc3 35. Kg3 Kf6 36. Qe4 Qe5+ 37. Qf4+ Qxf4+ 38.
Kxf4 Ke6 39. Kg5 Ke5 40. f4+ Ke6 41. a3 a6 42. b4 cxb4 43. axb4 a5 44. c5 axb4
45. cxb6 Kd6 46. b7 Kc7 0-1

[Event "Detroit (MI Op/3/29)"]
[Site "?"]
[Date "1990.??.??"]
[Round "?"]
[White "Mikus, Jim"]
[Black "Forte, Joe"]
[Result "1-0"]
[WhiteElo "1800"]
[BlackElo "1970"]
[PlyCount "142"]
[EventDate "1990.??.??"]

{3/(29)} 1. e4 c5 2. c3 g6 3. d4 Bg7 4. Nf3 b6 5. Bf4 d6 6. Bc4 Nf6 7. Qb3 O-O
8. Bd5 Be6 9. Bxe6 fxe6 10. Ng5 c4 11. Qxc4 d5 12. exd5 exd5 13. Qc7 Qd7 14.
Qxd7 Nbxd7 15. Ne6 Rfc8 16. O-O Rc6 17. Re1 Bf8 18. Nd2 Kf7 19. Nxf8 Nxf8 20.
Nf3 Ke8 21. Re2 Re6 22. Rae1 Rxe2 23. Rxe2 Rc8 24. Be5 Kd7 25. h3 Ne6 26. Bg3
Ng7 27. Ne5+ Ke8 28. Bh2 e6 29. g4 Ke7 30. f3 a6 31. Kf2 Nd7 32. Nd3 Rc4 33.
Nb4 Kf7 34. Nxa6 h5 35. Nb4 hxg4 36. hxg4 Rc8 37. Nd3 Rh8 38. Kg2 Rc8 39. Nb4
Nb8 40. a3 Nc6 41. Na6 Ne8 42. Be5 Na5 43. Nb4 Nb3 44. Kg3 Na5 45. Rh2 Nf6 46.
Bxf6 Kxf6 47. Kf4 Nc4 48. g5+ Kg7 49. Nd3 Rf8+ 50. Kg3 Rf5 51. f4 Rf8 52. Re2
Re8 53. a4 Nd6 54. Kg4 Ne4 55. c4 dxc4 56. Ne5 Nd6 57. Rc2 Nf5 58. Rc3 Rc8 59.
b3 cxb3 60. Rxb3 Nxd4 61. Rxb6 Rc7 62. Rd6 Ne2 63. Rxe6 Rc3 64. Rxg6+ Kf8 65.
Kf5 Ra3 66. Ra6 Kg8 67. Ra8+ Kh7 68. Ra7+ Kg8 69. g6 Rg3 70. Kf6 Rxg6+ 71. Nxg6
Nd4 1-0

[Event "Detroit (MOR/6/51)"]
[Site "?"]
[Date "1990.??.??"]
[Round "?"]
[White "Mikus, B."]
[Black "Rompre, J."]
[Result "0-1"]
[WhiteElo "1605"]
[BlackElo "1605"]
[PlyCount "96"]
[EventDate "1990.??.??"]

{6/(51)} 1. e4 e5 2. Nf3 Nc6 3. Bc4 Nf6 4. Nc3 h6 5. d3 Bc5 6. Be3 Qe7 7. Bd5
Bxe3 8. fxe3 d6 9. O-O Bg4 10. Bxc6+ bxc6 11. d4 O-O 12. d5 c5 13. h3 Bh5 14.
Qd3 Nd7 15. Nb5 Nb6 16. Qa3 a6 17. Nc3 Rfb8 18. b3 Qd7 19. Nd2 a5 20. Rab1 Nc8
21. Nc4 Ne7 22. Nxa5 Qd8 23. Qa4 Ng6 24. Nc6 Qg5 25. Qc4 Nh4 26. Rf2 Nf3+ 27.
Kf1 Qxe3 28. Ne7+ Kh7 29. Nf5 Nd2+ 30. Kg1 Qxf2+ 31. Kxf2 Nxc4 32. g4 Bg6 33.
h4 Bxf5 34. exf5 g5 35. Rh1 f6 36. Ne4 Kg7 37. hxg5 hxg5 38. bxc4 Rxa2 39. Rc1
Rbb2 40. Nc3 Rxc2+ 41. Rxc2 Rxc2+ 42. Ne2 Rxc4 43. Ke3 Rxg4 44. Kf3 Ra4 45. Ke3
Kf7 46. Nc3 Ra3 47. Kd2 Rxc3 48. Kxc3 g4 0-1

[Event "Detroit (MOR/4/55)"]
[Site "?"]
[Date "1990.??.??"]
[Round "?"]
[White "Mikus, B."]
[Black "Cunningham, J."]
[Result "1-0"]
[WhiteElo "1605"]
[BlackElo "1605"]
[PlyCount "65"]
[EventDate "1990.??.??"]

{4/(55)} 1. e4 c5 2. Nf3 d6 3. Nc3 Bg4 4. Bb5+ Nd7 5. h3 Bh5 6. d3 a6 7. Bxd7+
Qxd7 8. Bf4 Bxf3 9. Qxf3 e5 10. Be3 Be7 11. Nd5 Bd8 12. O-O h6 13. c3 Bg5 14.
Bxg5 hxg5 15. Nb6 Qd8 16. Nxa8 Qxa8 17. Qe3 Qd8 18. d4 b6 19. Rad1 Qe7 20. dxe5
dxe5 21. b4 Nh6 22. Rb1 g4 23. bxc5 b5 24. c4 Qe6 25. cxb5 axb5 26. Rxb5 Rg8
27. Qa3 g6 28. Rb8+ Ke7 29. c6+ Kf6 30. c7 gxh3 31. c8=Q hxg2 32. Qxe6+ fxe6
33. Kxg2 1-0

[Event "Detroit (MOR/2/58)"]
[Site "?"]
[Date "1990.??.??"]
[Round "?"]
[White "Mikus, B."]
[Black "Burke, David"]
[Result "1/2-1/2"]
[WhiteElo "1605"]
[BlackElo "1605"]
[PlyCount "84"]
[EventDate "1990.??.??"]

{2/(58)} 1. e4 e6 2. Nf3 d5 3. exd5 exd5 4. Nc3 Nf6 5. d4 Bb4 6. Bd2 Bxc3 7.
Bxc3 O-O 8. Bd3 Re8+ 9. Be2 Bg4 10. O-O Ne4 11. Bb4 Nc6 12. Bb5 a6 13. Bxc6
bxc6 14. h3 Bh5 15. Qd3 Rb8 16. Bc3 Nxc3 17. Qxc3 Bxf3 18. Qxf3 Rxb2 19. Qc3
Qb8 20. Qxc6 h6 21. c3 Ree2 22. Qxd5 Qe8 23. Qf3 Rxa2 24. Rab1 Rab2 25. Rxb2
Rxb2 26. Qf4 Qc6 27. Qc1 Rb3 28. c4 Qg6 29. Qf4 Rxh3 30. Qxc7 Rh4 31. d5 Qh5
32. f3 Rh1+ 33. Kf2 Qh4+ 34. Ke2 Rxf1 35. Kxf1 a5 36. d6 Qf4 37. Qc8+ Kh7 38.
d7 Qc1+ 39. Kf2 Qd2+ 40. Kg3 Qg5+ 41. Kf2 Qd2+ 42. Kf1 Qd1+ 1/2-1/2

[Event "Flint (Class DEU/5)"]
[Site "?"]
[Date "1990.??.??"]
[Round "?"]
[White "Mihelich, John"]
[Black "Peppel, S."]
[Result "1-0"]
[WhiteElo "1605"]
[BlackElo "1605"]
[PlyCount "101"]
[EventDate "1990.??.??"]

1. e4 e5 2. Nf3 d6 3. h3 Nf6 4. c3 Be7 5. d4 Nc6 6. d5 Nb8 7. Be3 O-O 8. Bd3 c6
9. c4 c5 10. Nc3 Bd7 11. O-O a6 12. Ne2 b5 13. b3 b4 14. a3 bxa3 15. Rxa3 a5
16. Bc2 Na6 17. Nh2 Nb4 18. f4 Nxc2 19. Qxc2 Qe8 20. Rfa1 Qd8 21. fxe5 dxe5 22.
Rd1 Bd6 23. Bg5 h6 24. Be3 Nh7 25. Qd2 Qh4 26. Nc3 f5 27. Nf3 Qh5 28. Qf2 f4
29. Bxc5 Bxc5 30. Qxc5 Ng5 31. Qf2 Nxf3+ 32. Qxf3 Qxf3 33. gxf3 Bxh3 34. d6 Bd7
35. Rd5 Rf6 36. Rxe5 Rxd6 37. Nd5 g5 38. b4 a4 39. c5 Re6 40. Rf5 Kg7 41. Nc7
Rea6 42. Rd5 Bc6 43. Rd6 Bb7 44. Nxa6 Bxa6 45. Rxa4 Bb7 46. Rxa8 Bxa8 47. c6 h5
48. b5 g4 49. fxg4 hxg4 50. b6 Kf7 51. b7 1-0

[Event "Flint (Class DEU/2)"]
[Site "?"]
[Date "1990.??.??"]
[Round "?"]
[White "Mihelich, John"]
[Black "James, Larry"]
[Result "0-1"]
[WhiteElo "1605"]
[BlackElo "1605"]
[PlyCount "114"]
[EventDate "1990.??.??"]

1. e4 c5 2. Nf3 d6 3. Bc4 Nc6 4. d4 cxd4 5. Nxd4 Nf6 6. Nxc6 bxc6 7. Nc3 Nxe4
8. Bxf7+ Kxf7 9. Nxe4 Ba6 10. Ng5+ Kg8 11. Qf3 Qa5+ 12. c3 Qe5+ 13. Be3 Bc4 14.
Rd1 Bd5 15. Rxd5 Qxd5 16. Qxd5+ cxd5 17. Ne6 Kf7 18. Nd4 e5 19. Nf3 Be7 20. O-O
h6 21. Rd1 Ke6 22. a3 Rhc8 23. Re1 Bf6 24. Bf4 Kf5 25. Bd2 Rab8 26. b4 g5 27.
h3 h5 28. Nh2 e4 29. g4+ hxg4 30. Nxg4 Bxc3 31. Ne3+ Ke6 32. Bxc3 Rxc3 33. Rd1
Rxa3 34. Rd4 Rd3 35. Nc2 Rxd4 36. Nxd4+ Kf6 37. Nc6 Rb7 38. Kg2 Rc7 39. b5 a6
40. Nd4 axb5 41. Nxb5 Rd7 42. Kg3 Ke5 43. Kg4 d4 44. Kxg5 d3 45. Nc3 Rg7+ 46.
Kh6 Rg1 47. h4 d2 48. h5 d1=Q 49. Nxd1 Rxd1 50. Kh7 Rg1 51. h6 d5 52. Kh8 d4
53. h7 Rh1 54. f4+ exf3 55. Kg7 f2 56. h8=Q Rxh8 57. Kxh8 f1=Q 0-1

[Event "Flint (Class DEU/1)"]
[Site "?"]
[Date "1990.??.??"]
[Round "?"]
[White "Mihelich, John"]
[Black "Bates, E."]
[Result "1-0"]
[WhiteElo "1605"]
[BlackElo "1605"]
[PlyCount "73"]
[EventDate "1990.??.??"]

1. e4 c6 2. Nf3 e6 3. d4 d5 4. Bd3 Nd7 5. Be3 c5 6. Bb5 Ngf6 7. exd5 Nxd5 8.
Bxd7+ Bxd7 9. O-O Bd6 10. dxc5 Bf4 11. Bd4 O-O 12. Nbd2 Nf6 13. Re1 Qc7 14.
Bxf6 gxf6 15. Ne4 Be5 16. Nxe5 Qxe5 17. Qxd7 Rad8 18. Qe7 Kg7 19. Re3 Qd4 20.
Rg3+ Kh8 21. Qxf6+ Qxf6 22. Nxf6 Rd2 23. Rc1 Rfd8 24. Rd3 e5 25. Rxd8+ Rxd8 26.
g3 Kg7 27. Ne4 Kg6 28. Nd6 Rd7 29. Rd1 Re7 30. Ne4 Kf5 31. f3 Ke6 32. g4 Rd7
33. Rxd7 Kxd7 34. Nf6+ Ke6 35. Nxh7 Kd5 36. Nf6+ Kxc5 37. h4 1-0